First Twenty Elements - Sudden Death - Statistics

General Stats
  • This quiz has been taken 37,064 times
  • The average score is 12 of 20
Answers on the Grid
Answers color-coded by a green-red scale on the quiz's grid according to % correct below.
Aluminum
Argon
Beryllium
Boron
Calcium
Carbon
Chlorine
Copper
Fluorine
Gold
Helium
Hydrogen
Iodine
Iron
Krypton
Lead
Lithium
Magnesium
Neon
Nickel
Nitrogen
Oxygen
Palladium
Phosphorus
Potassium
Radium
Silicon
Sodium
Sulfur
Uranium
 
Answer Stats
Answer % Correct
Carbon
81%
Helium
80%
Hydrogen
80%
Oxygen
73%
Boron
68%
Nitrogen
68%
Calcium
65%
Lithium
62%
Beryllium
61%
Chlorine
61%
Fluorine
57%
Sodium
56%
Aluminum
55%
Argon
55%
Neon
51%
Potassium
49%
Magnesium
48%
Sulfur
45%
Phosphorus
42%
Silicon
39%
No matching quizzes found
Score Distribution
Percent of People with Each Score
Percentile by Number Answered
Your Score History
You have not taken this quiz